Поезії: Вірші оригінальні і перекладені 1956-1992 (Запис № 17518)
[ простий вигляд ]
| 000 -Маркер запису | |
|---|---|
| Контрольне поле сталої довжини | 02293nam a22002537a 4500 |
| 003 - Належність контрольного номера | |
| Контрольне поле | Uzh_bibl |
| 008 - Кодовані дані | |
| Контрольне поле сталої довжини | 260427b |||||||| |||| 00| 0 ukr d |
| 020 ## - Індекс ISBN | |
| ISBN | 0 908168 09 8 |
| Ціна | 4.00 |
| 040 ## - Джерело каталогіз. | |
| Служба первин.кат. | укр. |
| 041 ## - Код мови видання | |
| Код мови оригіналу | українська |
| Код мови тексту | українська |
| 080 ## - Індекс УДК | |
| Індекс УДК | 821(477) |
| 090 ## - Шифри | |
| Поличний індекс | 821(477) |
| Авторський знак | О-59 |
| 100 ## - Автор | |
| Автор | Онуфрієнко, Василь |
| 245 ## - Назва | |
| Назва | Поезії: Вірші оригінальні і перекладені 1956-1992 |
| Відповідальність | Упоряд. Ю. Мішалов; оформ. обкл. Л. Денисенко |
| Фізичний носій | Текст |
| 260 ## - Вихідні дані | |
| Місце видання | Сідней |
| Видавництво | Видання Фундації Українознавчих Студій ав Австралії |
| Дата видання | 1996 |
| 300 ## - Фізичний опис | |
| Обсяг | 373 с. |
| Тип одиниці | В опр. |
| 520 ## - Анотація | |
| Анотація | Збірка поезій Василя Онуфрієнка об’єднує оригінальні вірші та переклади, створені протягом кількох десятиліть. У творах автор розкриває глибокий внутрішній світ людини, осмислює плин часу, долю народу та значення духовних цінностей. Поезії вирізняються ліризмом, філософською насиченістю та увагою до загальнолюдських тем. Переклади доповнюють збірку, розширюючи її культурний і художній контекст. |
| 521 ## - Примітка про цільове призначення | |
| Примітка про цільове призначення | Для широкого кола читачів |
| 546 ## - Примітка про мову | |
| Примітка про мову | укр. |
| 650 ## - Тематичні рубрики | |
| Основна рубрика | Літературно-художнє видання |
| Хронологічна підрубрика | Вірші охоплюють період другої половини ХХ століття (1956–1992 роки) |
| Географічна підрубрика | Події не мають чітко визначеного місця чи часу, оскільки це поетична збірка,У творах відображено Україну та ширший світ, внутрішній світ людини, історичні й духовні реалії епохи |
| 653 ## - Ключові слова | |
| Ключові слова | Людина |
| -- | Почуття |
| -- | Батьківщина |
| -- | Час |
| -- | Духовність |
| 655 ## - Термін індексування — жанр/форма | |
| Жанр/форма | Поезія (ліричні вірші, перекладна поезія) |
| Типове ділення | [Поетична збірка] |
| 942 ## - ADDED ENTRY ELEMENTS (KOHA) | |
| Джерело класифікації чи схема поличного розташування | |
| Koha item type | Книги |
| Статус вилучення | Статус втрати/відсутності | Джерело класифікації чи схема поличного розташування | Статус пошкодження | Тип обігу (не для випозичання) | Постійне розташування | Поточне розташування | Розташування у відділі | Дата надходження | Інвентарний номер | Total Checkouts | Повний (примірниковий) шифр зберігання | Штрих-код | Date last seen | Дата, для якої чинна ціна заміни | Тип одиниці (рівень примірника) |
|---|---|---|---|---|---|---|---|---|---|---|---|---|---|---|---|
| Публічна бібліотека | Публічна бібліотека | Абонемент | 27/04/2026 | 49043 | 821(477) | 20311 | 27/04/2026 | 27/04/2026 | Книги |